Controversies in management : issues, debates, answers
| Main Author: | Thomas, Alan Berkeley |
|---|---|
| Published: |
London:
Routledge,
2003.
|
| Subjects: |
| LEADER | 00508cam a2200157 7i4500 | ||
|---|---|---|---|
| 001 | 0000006321 | ||
| 005 | 20170218090000.0 | ||
| 020 | |a 0415269008 | ||
| 090 | 0 | 0 | |a HD31 |b .T46 2003 |
| 100 | 1 | |a Thomas, Alan Berkeley | |
| 245 | 1 | 0 | |a Controversies in management : |b issues, debates, answers |c Alan Berkeley Thomas. |
| 260 | |a London: |b Routledge, |c 2003. | ||
| 300 | |a ix, 260 p.: |b ill.; |c 25 cm. | ||
| 650 | 0 | 0 | |a Management |
| 997 | |a Business & Accountancy, Faculty | ||
| 999 | |a 0000010247 |b BOK |c OPEN SHELF |e 1st Floor, Shah Alam | ||


